Dictionary- Index: A Guide to Selected Christian Topics. (Record no. 3052)

MARC details
000 -LEADER
fixed length control field 00358nam a22001097a 4500
005 - DATE AND TIME OF LATEST TRANSACTION
control field 20200929110324.0
008 - FIXED-LENGTH DATA ELEMENTS--GENERAL INFORMATION
fixed length control field 200929b ||||| |||| 00| 0 eng d
040 ## - CATALOGING SOURCE
Transcribing agency CML
245 ## - TITLE STATEMENT
Title Dictionary- Index: A Guide to Selected Christian Topics.
Statement of responsibility, etc. Speaight, V.G.
260 ## - PUBLICATION, DISTRIBUTION, ETC.
Place of publication, distribution, etc. London
Name of publisher, distributor, etc. George Rainbird Ltd.
Date of publication, distribution, etc. 1964
942 ## - ADDED ENTRY ELEMENTS (KOHA)
Source of classification or shelving scheme Dewey Decimal Classification
Koha item type Books
Classification part 230.03
Call number prefix REF
Call number suffix SPE
Holdings
Withdrawn status Lost status Source of classification or shelving scheme Damaged status Not for loan Collection code Home library Current library Shelving location Date acquired Total Checkouts Full call number Date last seen Price effective from Koha item type
    Dewey Decimal Classification     Religion Chalimbana Main Library Chalimbana Main Library Religion 09/29/2020   REF 220.3 SPE 09/29/2020 09/29/2020 Books

Powered by Koha